000 00935nab a2200289 4500
003 BR-BrBNA
005 20250716110541.0
008 250716b bl.||||| |||| 00| 0 por d
040 _aBR-BrBNA
_bpor
072 _aD10 ; A01 ; E10 ; B50 ; A50 ; E71 ; E72
100 _aBorges, Rodolfo
245 _aOs 150 anos da agricultura
_bAgroeconomia
500 _a7 illus.
650 _aBRASIL
650 _aADIMISTRAÇÃO PÚBLICA
650 _aPOLÍTICA AGRÍCOLA
650 _aAGRICULTURA
650 _aAGRONEGÓCIO
650 _aHISTÓRIA
650 _aPESQUISA AGROPECUÁRIA
650 _aPRODUTIVIDADE
650 _aMERCADO INTERNO
650 _aMERCADO INTERNACIONAL
773 0 _01706
_9347976
_dSão Paulo-SP Editora Três Ltda - E-mail: luizfsa@revistadinheiro.com.br 2004
_o2025-0475
_tDinheiro Rural (Brazil)
_x1807-3700
_gv. 6(71) p. 30-31; (Sep 2010)
_wBR2025003793
942 _cANA
999 _c333625
_d333625